<?xml version="1.0" encoding="UTF-8"?>
<record
    xmlns:xsi="http://www.w3.org/2001/XMLSchema-instance"
    xsi:schemaLocation="http://www.loc.gov/MARC21/slim http://www.loc.gov/standards/marcxml/schema/MARC21slim.xsd"
    xmlns="http://www.loc.gov/MARC21/slim">

  <leader>01778    a2200193   4500</leader>
  <controlfield tag="003">Nust</controlfield>
  <controlfield tag="005">20230512120540.0</controlfield>
  <datafield tag="010" ind1=" " ind2=" ">
    <subfield code="a">   83016081</subfield>
  </datafield>
  <datafield tag="020" ind1=" " ind2=" ">
    <subfield code="a">0835956504 :</subfield>
  </datafield>
  <datafield tag="040" ind1=" " ind2=" ">
    <subfield code="c">Nust</subfield>
  </datafield>
  <datafield tag="082" ind1="0" ind2="0">
    <subfield code="a">001.6420683,PAR</subfield>
  </datafield>
  <datafield tag="100" ind1="1" ind2=" ">
    <subfield code="a">Parikh, Girish,</subfield>
    <subfield code="9">112259</subfield>
  </datafield>
  <datafield tag="245" ind1="1" ind2="0">
    <subfield code="a">Programmer productivity :</subfield>
    <subfield code="b">achieving an urgent priority /</subfield>
    <subfield code="c">Girish Parikh.</subfield>
  </datafield>
  <datafield tag="260" ind1=" " ind2=" ">
    <subfield code="a">Reston, Va. :</subfield>
    <subfield code="b">Reston Pub. Co.,</subfield>
    <subfield code="c">c1984.</subfield>
  </datafield>
  <datafield tag="300" ind1=" " ind2=" ">
    <subfield code="a">xvi, 235 p. :</subfield>
    <subfield code="b">ill. ;</subfield>
    <subfield code="c">24 cm.</subfield>
  </datafield>
  <datafield tag="505" ind1=" " ind2=" ">
    <subfield code="a">Improved Maintenance Techniques how to use Structured Techniques in Maintenance (Page-7), How to Make the Most of HIPO (Page-24), A Powerful Structured Tool: The Warnier/ Orr Diagram (Page-49), How to Increase COBOL Programming Productivity Using a Preprocessor (Page-68), How to Document Program Changes and Enhancements Internally (Page-84), How to Make the Most of Top-Down Development (Page-92), Techniques of Measuring Programmer Productivity (Page-110), Software Tools and Programmer Productivity (Page-123), How to Be Egoless (Page-127), The Three Ts for Increasing Programmer Productivity: Techniques Tools And Training (Page-134), Productivity Improvement through the Use of Software Tools (Page-137), Automated Auditors Aid Maintenance (Page-145), How to Pick a Winner (Page-151), Unpaid Overtime: An Impediment to Increasing Programmer Productivity (Page-162), Programmer Productivity Tips (Page-166), Logical Retrofit for Enhancing Maintenance Programming (Page-184), Maintaining / Enhancing Applications Software Packages Productivity (Page-190), The Missing Link in DP Training Software Maintenance (Page-196), Are you an Illiterate Programmer (Page-230), Are you an Illiterate Programming Manager (Page-207).   </subfield>
  </datafield>
  <datafield tag="650" ind1=" " ind2="0">
    <subfield code="a">Computer programming</subfield>
    <subfield code="x">Labor productivity.</subfield>
    <subfield code="9">112260</subfield>
  </datafield>
  <datafield tag="942" ind1=" " ind2=" ">
    <subfield code="2">ddc</subfield>
    <subfield code="c">BK</subfield>
  </datafield>
  <datafield tag="999" ind1=" " ind2=" ">
    <subfield code="c">176570</subfield>
    <subfield code="d">176570</subfield>
  </datafield>
  <datafield tag="952" ind1=" " ind2=" ">
    <subfield code="0">0</subfield>
    <subfield code="1">0</subfield>
    <subfield code="2">ddc</subfield>
    <subfield code="4">0</subfield>
    <subfield code="7">0</subfield>
    <subfield code="a">MCS</subfield>
    <subfield code="b">MCS</subfield>
    <subfield code="c">GEN</subfield>
    <subfield code="d">2016-12-12</subfield>
    <subfield code="o">001.6420683,PAR</subfield>
    <subfield code="p">MCS1811</subfield>
    <subfield code="r">2016-12-08</subfield>
    <subfield code="w">2016-12-12</subfield>
    <subfield code="y">BK</subfield>
    <subfield code="z">Almirah No.79, Shelf No.1</subfield>
  </datafield>
</record>
